| 000 | 00376nam a2200145Ia 4500 | ||
|---|---|---|---|
| 008 | 210210b1912 xxu||||| |||| 00| 0 eng d | ||
| 082 | _a823.9 BENC | ||
| 100 | _aBENSON (Robert Hugh). | ||
| 245 | _aCome rack! come rope! | ||
| 260 |
_aLondon _bHutchinson & Co., _c1912 |
||
| 300 | _aviii,404 | ||
| 650 | _aCome rack Come rope | ||
| 690 | _aEnglish Fiction | ||
| 906 | _a040409 | ||
| 999 |
_c90483 _d90483 |
||